000 00511nam a22001577a 4500
003 OSt
005 20151001134509.0
008 151001b xxu||||| |||| 00| 0 eng d
040 _cRUA
082 _aAGR NGO 2002 B062 Or.1
100 _91681
_aNGOUN, BUNCHHOUN.
245 _aL' E`TUDE SUR L'APPLICATION DES ENGRAIS URE`E SUR LA CROISSANCE DU LISERON D'EAU (Ipomoea aquatica forsskal) a` l'universite` royale d'agriculture.
260 _aphnom phen
_bRUA
_c2002
300 _a36p.
_bill.
_c29cm.
942 _2ddc
_cAGR
999 _c1583
_d1583